[Event "SEMI Traxler TT (B) email"]
[Site "SEMI email"]
[Date "2006.04.01"]
[Round "?"]
[White "Andrews, Chris"]
[Black "Plant, Kevin D"]
[Result "0-1"]
[WhiteElo "1200"]
[BlackElo "1800"]
[PlyCount "26"]
[EventDate "2006.04.01"]
[EventType "tourn (corr)"]
[EventRounds "9"]
[EventCountry "ITA"]
[SourceTitle "Corr 2008"]
[Source "ChessBase"]
[SourceDate "2008.06.24"]
[SourceVersion "1"]
[SourceVersionDate "2008.06.24"]
[SourceQuality "1"]

1. e4 e5 2. Nf3 Nc6 3. Bc4 Nf6 4. Ng5 Bc5 5. Nxf7 Bxf2+ 6. Kf1 Qe7 7. Nxh8 d5 8. exd5 Nd4 9. d6 cxd6 10. c3 Bg4 11. Qa4+ Kf8 12. Bd3 Ne4 13. Qc4 Be6 0-1